| 000 | 01315nkm a2200301 i 4500 | ||
|---|---|---|---|
| 001 | 3995 | ||
| 003 | ES-MaACL | ||
| 005 | 20250713062903.0 | ||
| 007 | khrbo | ||
| 008 | 070621s1987 sp --- g |001||spa d | ||
| 100 | 0 |
_aAlfonso, _d1902-1990 _919858 |
|
| 245 | 1 | 0 |
_aMesa redonda "La filosofía en el Ateneo de Madrid" [ _hFotografía] / _cAlfonso (sello). |
| 260 |
_a[S.l. : _bs.n.], _c1987. |
||
| 300 |
_a2 fot. : _bb. y n. ; _c12 x 18 cm. |
||
| 500 | _aDatos basados en invitación. | ||
| 511 | 0 | _aIntervienen: Enrique Alonso, Emilio Terzaga, Francisco Trujillo, Antonio Valdecantos; coordina y presenta: Tomás Mallo. | |
| 518 | _aActo organizado por el Ateneo de Madrid a propuesta de la Sección de Filosofía, celebrado en el salón de actos el lunes, 6 de abril de 1987, a las 20:00 h. | ||
| 600 | 1 | 4 |
_aAlonso, Enrique. _920200 |
| 600 | 1 | 4 |
_aTerzaga, Emilio. _9109817 |
| 600 | 1 | 4 |
_aTrujillo, Francisco. _9111564 |
| 600 | 1 | 4 |
_aValdecantos, Antonio. _9112479 |
| 600 | 1 | 4 |
_aMallo, Tomás _975818 |
| 610 | 2 | 4 |
_aAteneo de Madrid- _xActos culturales- _y1987- _vFotografías. _91902 |
| 710 | 2 |
_aAteneo de Madrid. _bSección de Filosofía. _91992 |
|
| 852 |
_aES-MaACL _jFOT 60/1987 |
||
| 856 | 4 |
_uhttp://www.ateneodemadrid.net/biblioteca_digital/imagenes/1987/0060-1987.jpg _zVer imagen |
|
| 999 |
_c3995 _d3995 |
||